Piłkarz do kraju #2 - Statystyki

Ogólne statystyki
  • Ten quiz został rozwiązany 1 101 razy
  • Średni wynik to 14 z 18
Statystyki odpowiedzi
Piłkarz Kraj % Poprawnych
Pepe Portugalia
97%
Gianluigi Buffon Włochy
97%
Lionel Messi Argentyna
96%
Jan Bednarek Polska
96%
Antonio Rüdiger Niemcy
93%
Hugo Lloris Francja
92%
Wayne Rooney Wielka Brytania
92%
Thiago Silva Brazylia
90%
Pavel Nedvěd Czechy
89%
Ruud Gullit Holandia
85%
Jesse Lingard Wielka Brytania
85%
Marouane Fellaini Belgia
76%
Brian Laudrup Dania
68%
Birkir Bjarnason Islandia
65%
József Bozsik Węgry
46%
Andre Carrillo Peru
40%
Francisco Gento Hiszpania
26%
Marcelo Salas Chile
18%
Nie znaleziono quizów pasujących do podanych kryteriów
Rozkład punktacji
Procent ludzi z każdym wynikiem
Percentyl według liczby udzielonych odpowiedzi
Twoja historia wyników
Nie rozwiązałeś tego quizu